000 02089nam a2200601 i 4500
001 24784
003 KOSZ 005
005 20191105123736.0
008 980702s1995 pl a f f |000 0 pol
015 _aPB 1996/12302
020 _a838611701X
035 _a(PL-WaBN)b11135220-48omnis_nlop
035 _ab11135220
035 _a(OCoLC)830114100
035 _a(PL)b0000011135220
040 _aWA N
_cWA N
_dKOSZ 005/HR
041 1 _apol
_heng
046 _k1995
080 _a338.23
080 _a338.1
080 _a658.1/.5
080 _a502.13/.14
080 _a(075.8)
245 0 0 _aEkonomia środowiska i zasobów naturalnych /
_cred. nauk. Henk Folmer, Landis Gabel, Hans Opschoor ; red. nauk. wyd. pol. Tomasz Żylicz ; [z ang. przetł. T. Żylicz et al.].
246 1 _iTyt. oryg.:
_aPrinciples of environmental and resource economics,
_f1995
260 _aWarszawa :
_bWydaw. Krupski i S-ka,
_c[1995].
300 _a511 s. :
_bwykr. ;
_c25 cm.
336 _2rdacontet
_aTekst
_btxt
337 _2rdamedia
_aBez urządzenia pośredniczącego
_bn
338 _2rdacarrier
_aWolumin
_bnc
380 _aKsiążki
380 _aPublikacje fachowe
380 _aPublikacje dytdaktyczne
385 _mPoziom nauczania
_aSzkoły wyższe
388 _a1901-2000
388 _a1989-2000
504 _aBibliogr. przy rozdz.
521 _aPodręcznik dla studentów i praktyków.
650 7 _aEkonomia środowiska
658 _aGospodarka, ekonomia, finanse
658 _aOchrona środowiska
655 7 _aPodręczniki akademickie
_2DBN
650 7 _aPrzedsiębiorstwo
_2DBN
650 7 _aOrganizacja
650 7 _aSurowce
_2DBN
700 1 _aFolmer, Henk
_d(1945- )
_eRedakcja
700 1 _aGabel, H. Landis
_eRedakcja
700 1 _aOpschoor, Johannes B.
_d(1944- )
_eRedakcja
700 1 _aŻylicz, Tomasz
_d(1951- )
_eTłumaczenie
856 _uhttp://koha.tu.koszalin.pl/cgi-bin/koha/opac-detail.pl?biblionumber=24784
_yKatalog online BPK
942 _2UKD
_cKS
999 _c24784
_d24784